Loading...

Fruit crops

Bibliographic Details
Main Author: Philip, S
Format: Printed Book
LEADER 00273nam a22000977a 4500
100 |a Philip, S 
245 |a Fruit crops 
300 |a   
942 |2 ddc  |c BK 
999 |c 296492  |d 296492 
952 |0 0  |1 0  |4 0  |7 0  |9 337021  |a BOT  |b BOT  |c ST1  |d 2011-11-04  |i 5991  |l 1  |p BOT5991  |r 2011-11-14  |s 2011-11-14  |w 2011-11-04  |y BK